Weed management on phkarumchang rice yields at royal university of agriculture វិធានការគ្រប់គ្រងស្មៅចង្រៃលើទិន្នផលពូជស្រូវផ្ការំចង់នៅសាកលវិទ្យាល័យភូមិន្ទកសិកម្ម (Record no. 1225)

000 -LEADER
fixed length control field 00678nam a22001337a 4500
040 ## - CATALOGING SOURCE
Transcribing agency RUA
082 ## - DEWEY DECIMAL CLASSIFICATION NUMBER
Classification number AGR TIT 2012 B051 Or.1
100 ## - MAIN ENTRY--AUTHOR NAME
Personal name TITH, SOKHAY.
245 ## - TITLE STATEMENT
Title Weed management on phkarumchang rice yields at royal university of agriculture វិធានការគ្រប់គ្រងស្មៅចង្រៃលើទិន្នផលពូជស្រូវផ្ការំចង់នៅសាកលវិទ្យាល័យភូមិន្ទកសិកម្ម
260 ## - PUBLICATION, DISTRIBUTION, ETC. (IMPRINT)
Place of publication Phnom Penh
Name of publisher RUA
Year of publication 2012
300 ## - PHYSICAL DESCRIPTION
Number of Pages xii; 45p.
Other physical details ill.
Dimensions 29cm.
856 ## - ELECTRONIC LOCATION AND ACCESS
Uniform Resource Identifier https://drive.google.com/file/d/1nhjyGAuNFDAoIIW0QwQO5Et86CInrfDb/view?usp=sharing
942 ## - ADDED ENTRY ELEMENTS (KOHA)
Koha item type AGR
952 ## - LOCATION AND ITEM INFORMATION (KOHA)
Withdrawn status [LOCAL, KOHA] 0
952 ## - LOCATION AND ITEM INFORMATION (KOHA)
Withdrawn status [LOCAL, KOHA] 0
952 ## - LOCATION AND ITEM INFORMATION (KOHA)
Withdrawn status [LOCAL, KOHA] 0
952 ## - LOCATION AND ITEM INFORMATION (KOHA)
Withdrawn status [LOCAL, KOHA] 0
952 ## - LOCATION AND ITEM INFORMATION (KOHA)
Withdrawn status [LOCAL, KOHA] 0
952 ## - LOCATION AND ITEM INFORMATION (KOHA)
Withdrawn status [LOCAL, KOHA] 0
Holdings
Permanent Location Date acquired Koha item type Lost status Shelving location Barcode Current Location Full call number
Library Block B2015-09-24AGR B051RUA001053Library Block BAGR TIT 2012 B051 Or.1
Library Block B2015-09-24AGR B051RUA001054Library Block BAGR TIT 2012 B051 Or.2
Library Block B2015-09-24AGR B051RUA001055Library Block BAGR TIT 2012 B051 Or.3
Library Block B2015-09-24AGR B051RUA001056Library Block BAGR TIT 2012 B051 Or.4
Library Block B2015-09-24AGR B051RUA001057Library Block BAGR TIT 2012 B051 Or.5
Library Block B2015-09-29AGR B053RUA004986Library Block BAGR TIT 2012 B053 Or.1
មជ្ឈមណ្ឌលឯការនៃសាកលវិទ្យាល័យភូមិន្ទកសិកម្មចំការដូង

Powered by Koha